| 000 | 00799cab a2200217 4500 | ||
|---|---|---|---|
| 001 | ##WB2816-29 | ||
| 008 | 090401t1992 xxu||||| |||| 00| 0 eng d | ||
| 035 | _a(Sirsi) u222 | ||
| 041 | 0 | _aeng | |
| 245 | _aRent Acts | ||
| 260 | _c1992 | ||
| 350 | _a0 | ||
| 490 |
_aEstates Gazette Case Summaries _v1992 EGCS 48 (11/4/92) |
||
| 520 | _a"Taboada v Nelson" CA 1 April 1992. The defendant tenant (T) unsuccessfully appealled against the ruling which upheld his landlord`s notice to quit made under the Rent Act 1977 s7(1), as the presence of `attendance` in the agreement cancelled the right to a protected tenancy. | ||
| 650 | _aLINEN | ||
| 650 | _aRENT ACT 1977 S7(1) | ||
| 650 | _aSERVICES | ||
| 690 | _aLANDLORD AND TENANT-CASE LAW-RESIDENTIAL TENANCIES | ||
| 942 | _n0 | ||
| 948 | _c04/03/1997 | ||
| 999 |
_c88 _d88 |
||